000 00449pab a2200169 454500
008 180718b1995-96 xxu||||| |||| 00| 0 eng d
100 _aGrosenick, Leigh E.
245 _aFederal training programs: help or hindrance?
260 _c1995-96
300 _ap.43-45
362 _aWinter
650 _aCivil service - United States
650 _aTraining - United States
650 _aCivil service
773 _aPublic Manager
909 _a32723
999 _c32723
_d32723